|
|
|
|
| LEADER |
00000cam a2200000 a 4500 |
| 001 |
UCO3341 |
| 003 |
CL-VaPUC |
| 008 |
000720e19920000CL |||||||||||||||||spa|d |
| 082 |
0 |
4 |
|a 375
|b PEÑ
|2 21
|
| 100 |
0 |
|
|a Peña Donoso, Adriana
|e author
|9 447431
|
| 245 |
1 |
0 |
|a Alternativas educativas en un curriculum funcional
|
| 300 |
|
|
|a 189 p
|
| 942 |
|
|
|c BK
|
| 945 |
|
|
|d 20000720 00:00:00
|a rbrito
|
| 260 |
|
|
|a Santiago
|b CPEIP
|c 1992
|
| 650 |
|
0 |
|a Currículo
|9 307290
|
| 650 |
|
0 |
|a Desarrollo curricular
|9 365285
|
| 650 |
|
0 |
|a Educación básica
|9 224933
|
| 650 |
|
0 |
|a Formación profesional de profesores
|9 307493
|
| 583 |
|
|
|a last modification
|c 20120612 04:31:11
|k Rodrigo Vera
|
| 999 |
|
|
|c 289799
|d 289797
|
| 952 |
|
|
|0 0
|1 0
|4 0
|6 375_000000000000000_PEÑ_1992
|7 0
|8 A
|9 338541
|a BIBEDU
|b BIBEDU
|d 2019-11-20
|i 3630242
|l 1
|o 375 PEÑ 1992
|p 3630242
|r 2024-03-27
|s 2024-03-27
|w 2019-11-20
|y BK
|k EPE
|
| 952 |
|
|
|0 0
|1 0
|4 0
|6 375_000000000000000_PEÑ_1992
|7 0
|8 A
|9 338542
|a BIBEDU
|b BIBEDU
|d 2019-11-20
|i 487711K
|o 375 PEÑ 1992
|p 487711K
|r 2019-11-20
|w 2019-11-20
|y BK
|k EPE
|